Technical papers : 1991 ACSM-ASPRS Annual Convention : ACSM 51st Annual Convention : ASPRS 56th Annual Convention

Αποθηκεύτηκε σε:
Λεπτομέρειες βιβλιογραφικής εγγραφής
Συλλογικό Έργο: ASPRS-ACSM Convention Baltimore, Md., American Society for Photogrammetry and Remote Sensing, American Congress on Surveying and Mapping (Meeting), ASPRS Meeting
Μορφή: Πρακτικό Συνεδρίου Βιβλίο
Γλώσσα:English
Δημοσίευση: Bethesda, MD : American Society for Photogrammetry and Remote Sensing and American Congress on Surveying and Mapping, c1991
Θέματα:
Ετικέτες: Προσθήκη ετικέτας
Δεν υπάρχουν, Καταχωρήστε ετικέτα πρώτοι!

MARC

LEADER 00000nam a2200000 i 4500
001 1/12819
008 001019s1991 eng d
020 |a 0-944426-38-7 (set) 
020 |a 0-944426-42-5 
035 |l 10064361 
040 |a GR-MY-UA  |b gre  |e aacr 
041 0 |a eng 
082 0 |a 910.285 
111 2 |a ASPRS-ACSM Convention  |d (1991:  |c Baltimore, Md.) 
245 1 0 |a Technical papers :  |b 1991 ACSM-ASPRS Annual Convention : ACSM 51st Annual Convention : ASPRS 56th Annual Convention 
246 3 3 |a 1991 ACSM-ASPRS Annual Convention 
260 |a Bethesda, MD :   |b American Society for Photogrammetry and Remote Sensing and American Congress on Surveying and Mapping,   |c c1991 
300 |a 263 σ.  |b εικ. 
500 |a Άνωθεν του τίτλου: "Baltimore 1991" 
504 |a Περιέχει βιβλιογραφία και ευρετήριο 
505 0 |a Volume 4: GIS 
650 0 0 |a Geographic information systems  |v Congresses. 
710 2 |a American Society for Photogrammetry and Remote Sensing. 
710 2 |a American Congress on Surveying and Mapping. 
711 2 |a ASPRS Meeting  |n (56th:  |d 1991:  |c Baltimore, Md.) 
711 2 |a American Congress on Surveying and Mapping  |e Meeting  |n (51th:  |d 1991:  |c Baltimore, Md.) 
852 |a INST  |b LESVOS  |e 20001019  |h 910.285 ACS  |p 005100023198  |q 005100023198  |t BK  |y 0  |z v.4 
852 |a INST  |b LESVOS  |e 20001019  |h 910.285 ACS  |p 005100023198  |q 005100023198  |t BK  |v v.4:  |y 0  |z v.4 
853 |a INST  |b LESVOS  |h 910.285 ACS 
901 |a BIBL1-2000-2 
909 |a Λ  |b 023996 
922 |a 1ΕΛΗ  |b 199205  |c ΠΠ/1133/ 
970 |a ΤΖΑΦΕΡΗ  |b ΕΥΑΓΓΕΛΙΑ  |z 2000/10/19